000 00783nam a2200205 a 4500
001 000044466
005 20201002045408.0
008 140702s2004 dr a r 000 0 spa d
040 _aDO-SdBNP
_bspa
_cBNPHU
082 _a362.293
_bM294p
245 0 0 _aManual prevención de drogas en la República Dominicana /
_cRodolfo Coiscou Duvergé... [et al.].
260 _aSanto Domingo :
_bConsejo Nacional de Drogas,
_c[20--].
300 _a171 p. :
_bil. ;
_c29 cm.
590 _aInventariado, 2018/BT
650 4 _aDrogadicción
_xPrevención y control
_972484
650 4 _aAbuso de substancias
_xPrevención y control
_925928
650 4 _aDrogas psicotrópicas
_xPrevención y control
_972485
700 1 2 _aCoiscou Duvergé, Rodolfo
_972486
910 _aValidado. Control de calidad. MFF
999 _c43955
_d43955